000 nam a22 a 4500
999 _c190867
_d190867
003 BLK
005 20230405132425.0
008 180411b bul|||||r ||||||| ||bul||
010 _aKNG00200017000
040 _aBLK
041 _aBUL
_cBUL
080 _aНемска литература
_b821.112.2
_x-31
_z821.112.2-31
100 1 _aМарлит, Йожени
_eпърви автор
_9307788
139 _aМарлит, Йожени
_bМ 32
245 1 0 _aСлугинята на управителя
_bРоман
_cЙожени Марлит; прев. Н. Е. Бюлев; * Любен Асенов Велчев.
250 _a2. изд.
257 _aDEU
260 _aПловдив
_bБОИВЕСТ
_c1992
300 _a159 с.
_c20 см
380 _aX
490 _aБиблиотека Ретро
_v14
_9202137
500 _aБез сведение за ориг. загл. - Ез. на прев. неустановен. - Н. Е. Бюлев - псевд. на прев. Любен Велчев. - 1. изд. 1939 със загл. Струните на сърцето, изд. на печ. Добринов в Библ. Българка. Безпл. прил. на сп. Българка ; № 2.
700 1 _aБюлев, Н. Е.
_eпрев.
_9380880
700 1 _aВелчев, Любен Асенов
_e*
_9380881
852 _aЦб 172263
_bЦб
856 4 _qpdf
_i0.00
_ldisable
856 4 _qpdf
_i0.00
_ldisable
942 _cKNG
_n0
_s1
944 _aCR
_c06.02.2017
_kКети_Илиева
944 _aED
_c06.02.2017
_kКети_Илиева
999 _d190867